Introducción a la lógica
Salvato in:
| Autore principale: | |
|---|---|
| Natura: | Libro |
| Lingua: | spagnolo |
| Pubblicazione: |
Buenos Aires
EUDEBA
1972
|
| Edizione: | 12a. ed |
| Serie: | Biblioteca del Universitario. Manuales Filosofía
|
| Soggetti: | |
| Tags: |
Aggiungi Tag
Nessun Tag, puoi essere il primo ad aggiungerne!!
|
MARC
| LEADER | 00000nam a2200000 a 4500 | ||
|---|---|---|---|
| 001 | UCQ7490 | ||
| 003 | CL-VaPUC | ||
| 008 | 981113e19720000AG |||||||||||||||||spa|d | ||
| 082 | 0 | 4 | |a 160 |b COP |2 21 |
| 100 | 0 | |a Copi, Irving M |e author |9 245662 | |
| 245 | 1 | 0 | |a Introducción a la lógica |
| 250 | |a 12a. ed | ||
| 300 | |a 455 p | ||
| 942 | |c BK | ||
| 945 | |d 19981113 00:00:00 |a lriquelm | ||
| 260 | |a Buenos Aires |b EUDEBA |c 1972 | ||
| 650 | 0 | |a Lógica |9 256849 | |
| 650 | 0 | |a Metodología |9 256610 | |
| 650 | 0 | |a Enseñanza |9 256457 | |
| 650 | 0 | |a Ejercicios |9 269807 | |
| 583 | |a last modification |c 19981113 00:00:00 |k Rodrigo Vera | ||
| 490 | 0 | |a Biblioteca del Universitario. Manuales Filosofía | |
| 999 | |c 277096 |d 277094 | ||
| 952 | |0 0 |1 0 |4 0 |6 160_000000000000000_COP_1972 |7 0 |8 A |9 314833 |a BIBMAT |b BIBMAT |d 2019-11-20 |i 1491792 |o 160 COP 1972 |p 1491792 |r 2025-01-07 |w 2019-11-20 |y BK |k MAT | ||